000 00295nam a22001337a 4500
008 171014b xxu||||| |||| 00| 0 eng d
020 _a9780321242075
041 _aeng
080 _a330.101.541
100 _a52
101 _aMAK
245 _aMACROECONOMICS
_cRAGAN, CH.T.S
942 _2udc
_cBK
999 _c33904
_d33904